[Event "Titled Tuesday intern op 02nd Apr Early"]
[Site "Chess.com INT"]
[Date "2024.04.02"]
[Round "4"]
[White "Uber Gracia, Hugo"]
[Black "Sovetbekova, Nurai"]
[Result "0-1"]
[WhiteElo "2247"]
[BlackElo "1962"]
[PlyCount "106"]
[EventDate "2024.04.02"]
[EventType "swiss (blitz)"]
[EventRounds "11"]
[EventCountry "USA"]
[SourceTitle "CB15_2024"]
[SourceDate "2024.04.10"]
[SourceVersion "1"]
[SourceVersionDate "2024.04.10"]
[SourceQuality "1"]

1. d4 Nf6 2. Bf4 g6 3. e3 Bg7 4. h3 0-0 5. Nf3 d6 6. c3 c5 7. Nbd2 Nc6 8. Be2 Re8 9. 0-0 e5 10. dxe5 dxe5 11. Bh2 e4 12. Ne1 Ne5 13. Nc4 Nxc4 14. Bxc4 Be6 15. Qb3 Bxc4 16. Qxc4 Qb6 17. Rb1 Rad8 18. Nc2 Rd2 19. Rfc1 Red8 20. b4 cxb4 21. Nxb4 Qa5 22. Nc2 Qf5 23. Qf1 Nd5 24. Nd4 Qd7 25. a3 Ra2 26. Rb3 b6 27. Rcb1 Rc8 28. c4 Bxd4 29. exd4 Ne7 30. d5 Qf5 31. Rc1 Qf6 32. d6 Nc6 33. Rd1 Ne5 34. d7 Rd8 35. Bxe5 Qxe5 36. Re3 Qe6 37. Re2 Rxe2 38. Qxe2 Rxd7 39. Rxd7 Qxd7 40. Qxe4 Qd1+ 41. Kh2 Qd6+ 42. g3 Qxa3 43. Qe8+ Qf8 44. Qd7 Qa8 45. h4 Qb8 46. Qd4 a5 47. Qd5 h5 48. Qb5 Kh7 49. c5 a4 50. Qxb6 Qa8 51. c6 a3 52. Qb7 Qa4 53. c7 Qd4 0-1

[Event "ESP-ch U14"]
[Site "Salobrena"]
[Date "2023.07.20"]
[Round "6"]
[White "Uber Gracia, Hugo"]
[Black "Povshednyi, Ivan"]
[Result "1/2-1/2"]
[WhiteElo "2083"]
[BlackElo "2220"]
[PlyCount "53"]
[EventDate "2023.07.17"]
[EventType "swiss"]
[EventRounds "9"]
[EventCountry "ESP"]
[SourceTitle "EXT 2024"]
[Source "ChessBase"]
[SourceDate "2023.10.10"]
[SourceVersion "1"]
[SourceVersionDate "2023.10.10"]
[SourceQuality "1"]

1. Nf3 d5 2. b3 c5 3. e3 Nf6 4. Bb2 e6 5. Bb5+ Nbd7 6. 0-0 Bd6 7. Ne5 0-0 8. f4 Qc7 9. d4 Ne4 10. Bxd7 Bxd7 11. Nd2 Nxd2 12. Qxd2 f6 13. Nxd7 Qxd7 14. c4 cxd4 15. Bxd4 dxc4 16. Bc5 Rfd8 17. Rad1 Qc6 18. Bxd6 c3 19. Qc2 Rxd6 20. Rxd6 Qxd6 21. Qxc3 Rd8 22. Rc1 Qd2 23. Qxd2 Rxd2 24. a4 b6 25. Rc3 Rb2 26. Rc8+ Kf7 27. Rc7+ 1/2-1/2

[Event "ESP-ch U14 Rapid"]
[Site "Salobrena"]
[Date "2022.07.24"]
[Round "8"]
[White "Uber Gracia, Hugo"]
[Black "Ilinca Ilinca, Felix Antonio"]
[Result "0-1"]
[WhiteElo "1813"]
[BlackElo "1444"]
[PlyCount "142"]
[EventDate "2022.07.23"]
[EventType "swiss (rapid)"]
[EventRounds "9"]
[EventCountry "ESP"]
[SourceTitle "EXT 2023"]
[Source "ChessBase"]
[SourceDate "2022.10.05"]
[SourceVersion "1"]
[SourceVersionDate "2022.10.05"]
[SourceQuality "1"]

1. Nf3 c5 2. c4 Nc6 3. Nc3 Nf6 4. e3 e6 5. d4 d5 6. dxc5 Bxc5 7. cxd5 exd5 8. Be2 0-0 9. 0-0 h6 10. a3 a5 11. b3 Be6 12. Bb2 Rc8 13. Rc1 Qe7 14. Nb5 Ne4 15. Qe1 Rfd8 16. Nfd4 Nxd4 17. exd4 Bb6 18. f3 Nf6 19. Qd2 Rc6 20. Rfe1 Rdc8 21. Bf1 Qd7 22. Kh1 Bf5 23. Bc3 h5 24. h4 Qd8 25. Qg5 Bg6 26. Qf4 Qd7 27. Qd2 Ne8 28. a4 Bd8 29. Qf4 Bf6 30. Rcd1 Qd8 31. Re3 Bxh4 32. Rxe8+ Qxe8 33. Qxh4 Rxc3 34. Nxc3 Rxc3 35. Bb5 Qe3 36. Re1 Rc1 37. Rxc1 Qxc1+ 38. Kh2 Qc7+ 39. Kg1 Qb6 40. Qf4 Kh7 41. Qe5 Qd8 42. Kf2 f6 43. Qf4 Qc8 44. Qe3 Qc2+ 45. Kg3 Bf5 46. Be8 Bg6 47. Bxg6+ Qxg6+ 48. Kf2 Qc2+ 49. Kg3 Qf5 50. Kf2 h4 51. Qc3 Qf4 52. Qd3+ Kh6 53. Qc3 Kh5 54. Qd3 g6 55. Qc3 f5 56. Qd3 g5 57. Kg1 g4 58. fxg4+ Qxg4 59. Qe3 Qe4 60. Qf2 Kg4 61. Qd2 b6 62. Qd1+ Kg5 63. Qd2+ Qf4 64. Qd3 Qg3 65. Qd2+ f4 66. Kh1 h3 67. gxh3 Qxh3+ 68. Kg1 Qe3+ 69. Qf2 Kf5 70. Kf1 Qxf2+ 71. Kxf2 Ke4 0-1

[Event "ESP-ch U14"]
[Site "Salobrena"]
[Date "2022.07.20"]
[Round "5"]
[White "Uber Gracia, Hugo"]
[Black "Perea Fruet, Lorenzo"]
[Result "0-1"]
[WhiteElo "1952"]
[BlackElo "2265"]
[PlyCount "56"]
[EventDate "2022.07.18"]
[EventType "swiss"]
[EventRounds "9"]
[EventCountry "ESP"]
[SourceTitle "EXT 2023"]
[Source "ChessBase"]
[SourceDate "2022.10.05"]
[SourceVersion "1"]
[SourceVersionDate "2022.10.05"]
[SourceQuality "1"]

1. e4 c5 2. Nf3 Nc6 3. Bb5 e6 4. Bxc6 bxc6 5. d3 Qc7 6. Qe2 e5 7. Nbd2 Ne7 8. Nc4 d6 9. Bd2 Ng6 10. h4 h5 11. g3 f6 12. b3 d5 13. Nb2 Bg4 14. Kf1 Be7 15. Kg2 0-0 16. Qe1 f5 17. Nh2 f4 18. Nxg4 hxg4 19. c3 fxg3 20. fxg3 Rf3 21. h5 Nh8 22. Rf1 Raf8 23. Rxf3 gxf3+ 24. Kf2 Qd7 25. exd5 cxd5 26. h6 gxh6 27. Bxh6 Rf7 28. g4 Bh4+ 0-1